LEADER 03783nam 22008775 450 001 9910483267803321 005 20251226202440.0 010 $a3-540-71496-0 024 7 $a10.1007/978-3-540-71496-5 035 $a(CKB)1000000000478537 035 $a(EBL)3037328 035 $a(SSID)ssj0000098811 035 $a(PQKBManifestationID)11113161 035 $a(PQKBTitleCode)TC0000098811 035 $a(PQKBWorkID)10136305 035 $a(PQKB)10603305 035 $a(DE-He213)978-3-540-71496-5 035 $a(MiAaPQ)EBC3037328 035 $a(MiAaPQ)EBC6708721 035 $a(Au-PeEL)EBL6708721 035 $a(PPN)123161363 035 $a(BIP)15208255 035 $a(BIP)14051700 035 $a(EXLCZ)991000000000478537 100 $a20100301d2007 u| 0 101 0 $aeng 135 $aur|n|---||||| 181 $ctxt 182 $cc 183 $acr 200 10$aAdvances in Information Retrieval $e29th European Conference on IR Research, ECIR 2007, Rome, Italy, April 2-5, 2007, Proceedings /$fedited by Giambattista Amati, Claudio Carpineto, Giovanni Romano 205 $a1st ed. 2007. 210 1$aBerlin, Heidelberg :$cSpringer Berlin Heidelberg :$cImprint: Springer,$d2007. 215 $a1 online resource (776 p.) 225 1 $aInformation Systems and Applications, incl. Internet/Web, and HCI,$x2946-1642 ;$v4425 300 $aDescription based upon print version of record. 311 08$a3-540-71494-4 320 $aIncludes bibliographical references and index. 327 $aKeynote Talks -- Theory and Design -- Efficiency -- Peer-to-Peer Networks (In Memory of Henrik Nottelmann) -- Result Merging -- Queries -- Relevance Feedback -- Evaluation -- Classification and Clustering -- Filtering -- Topic Identification -- Expert Finding -- XML IR -- Web IR -- Multimedia IR -- Short Papers -- Posters. 330 $aThis book constitutes the refereed proceedings of the 29th annual European Conference on Information Retrieval Research, ECIR 2007, held in Rome, Italy in April 2007. The papers are organized in topical sections on theory and design, efficiency, peer-to-peer networks, result merging, queries, relevance feedback, evaluation, classification and clustering, filtering, topic identification, expert finding, XML IR, Web IR, and multimedia IR. 410 0$aInformation Systems and Applications, incl. Internet/Web, and HCI,$x2946-1642 ;$v4425 606 $aData mining 606 $aDatabase management 606 $aInformation storage and retrieval systems 606 $aArtificial intelligence 606 $aApplication software 606 $aMultimedia systems 606 $aData Mining and Knowledge Discovery 606 $aDatabase Management 606 $aInformation Storage and Retrieval 606 $aArtificial Intelligence 606 $aComputer and Information Systems Applications 606 $aMultimedia Information Systems 615 0$aData mining. 615 0$aDatabase management. 615 0$aInformation storage and retrieval systems. 615 0$aArtificial intelligence. 615 0$aApplication software. 615 0$aMultimedia systems. 615 14$aData Mining and Knowledge Discovery. 615 24$aDatabase Management. 615 24$aInformation Storage and Retrieval. 615 24$aArtificial Intelligence. 615 24$aComputer and Information Systems Applications. 615 24$aMultimedia Information Systems. 676 $a025.04 702 $aCarpineto$b Claudio 702 $aAmati$b Giambattista 702 $aRomano$b Giovanni 801 0$bMiAaPQ 801 1$bMiAaPQ 801 2$bMiAaPQ 906 $aBOOK 912 $a9910483267803321 996 $aAdvances in Information Retrieval$9772246 997 $aUNINA